| 000 | 01251nam a2200337 c 4500 | ||
|---|---|---|---|
| 003 | BLK | ||
| 005 | 20250707114454.0 | ||
| 008 | 180411b bul|||||r ||||||| ||bul|| | ||
| 010 | _aKNG00197930000 | ||
| 020 | _a978-954-367-023-9 | ||
| 040 | _aBLK | ||
| 041 |
_aBUL _cBUL |
||
| 080 |
_aАмериканска литература (на САЩ) _b821.111(73) _x-312.6 _z821.111(73)-312.6 |
||
| 100 | 1 |
_aГроган, Джон _eпърви автор _956485 |
|
| 139 |
_aГроган, Джон _bГ 85 |
||
| 245 | 1 | 0 |
_aМарли аз _bДокум. роман _cДжон Гроган; прев. Красимира Любомирова Христовска. |
| 257 | _aUSA | ||
| 260 |
_bПергамент _c2009 _fСофия : Симолини _aСофия |
||
| 300 |
_a274 с. _c21 см |
||
| 380 | _aX | ||
| 500 | _aОриг. загл.: Marley me / John Grogan. - За автора: с. 273. | ||
| 659 | _aН | ||
| 700 | 1 |
_aХристовска, Красимира Любомирова _eпрев. _9365734 |
|
| 852 | _aЦб 283443 | ||
| 856 | 4 | _qpdf | |
| 856 | 4 | _qpdf | |
| 942 |
_cKNG _n0 _01 |
||
| 944 |
_aCR _c13.12.2016 _k30552 _lВиолета Тройчева |
||
| 944 |
_aED _c29.12.2016 _kГрета_Цуфелде |
||
| 999 |
_c188909 _d188909 |
||
| 999 | _d188909 | ||